000 00373 a2200157 4500
001 58832
020 _a8532244106
040 _cAnchieta - Pituba
100 _aBeltrão, Claudia
240 1 0 _aOs Árabes na Idade Média
_lpor
245 1 0 _aOs Árabes na Idade Média
300 _a63
362 0 _a2000
650 4 _aHistória do mundo antigo até 499 AC.
942 _cBK
999 _c58832
_d58832